Polymer physics (Record no. 16901)

000 -LEADER
fixed length control field 00538nam a2200217 a 4500
001 - CONTROL NUMBER
control field 16901
003 - CONTROL NUMBER IDENTIFIER
control field BD-DhUET
008 - FIXED-LENGTH DATA ELEMENTS--GENERAL INFORMATION
fixed length control field 920618s1988 sz a ab 101 0 eng
040 ## - CATALOGING SOURCE
Original cataloging agency DLC
Transcribing agency DLC
Modifying agency BD-DhUET
082 00 - DEWEY DECIMAL CLASSIFICATION NUMBER
Classification number 530.429
Item number BIE/1990
100 ## - MAIN ENTRY--PERSONAL NAME
Personal name Biederman, H.
245 10 - TITLE STATEMENT
Title Polymer physics
250 ## - EDITION STATEMENT
Edition statement 1st ed.
260 ## - PUBLICATION, DISTRIBUTION, ETC. (IMPRINT)
Place of publication, distribution, etc. Berlin
Name of publisher, distributor, etc. Springer-Verlag
Date of publication, distribution, etc. 1990
300 ## - PHYSICAL DESCRIPTION
Extent xiii, 216 p.
Other physical details ill.
Dimensions 21 cm.
504 ## - BIBLIOGRAPHY, ETC. NOTE
Bibliography, etc Includes bibliographies
650 #0 - SUBJECT ADDED ENTRY--TOPICAL TERM
Topical term or geographic name as entry element Polymer physics
700 ## - ADDED ENTRY--PERSONAL NAME
Personal name Kothe, G.
700 ## - ADDED ENTRY--PERSONAL NAME
Personal name Lazar, M.
942 ## - ADDED ENTRY ELEMENTS (KOHA)
Koha item type General Book
Holdings
Sublocation or collection (holding branch) Copy number Not for loan Damaged status Koha normalized classification for sorting Koha date last seen Location (home branch) Source of classification or shelving scheme Shelving location Lost status Koha full call number Piece designation (barcode) Date acquired Withdrawn status Koha item type Price effective from
Central Library, BUET1  530_429000000000000_BIE_19902015-03-22Central Library, BUET Circulation section 530.429/BIE/1990810842015-03-22 General Book2015-03-22
Central Library, BUET2  530_429000000000000_BIE_19902015-03-22Central Library, BUET Circulation section 530.429/BIE/1990810832015-03-22 General Book2015-03-22